000 00660nam a22002770a 4500
001 PT47891
003 AR-LpoUNG
005 20210131231214.0
008 191001s2005||||ag |||||||||||||||||spa d
020 _a9872156573
_c$9.66
040 _aAR-LpoUNG
_bspa
_cAR-LpoUNG
_eaacr
041 _aspa
044 _aag
082 0 _aA863 722sud
100 1 _aMolina, Marta
245 1 0 _aSudacas
250 _a1ยง ed.
260 _aBuenos Aires :
_bOtromodo,
_c2005.
300 _a73 p. :
_btbls.
650 4 _aARGENTINA
650 4 _aLITERATURA
650 4 _aNOVELAS
651 4 _aDOCUMENTOS TEORICOS O METODOLOGICOS
905 _a47891
942 _cLSALA
999 _c8622
_d8622